000 00916nam a2200217Ii 4500
003 JO-AjNU
008 230605s9999||||xx |||||||||||||| ||und||
040 _aJO-AjNU
_bara
_erda
_cJO-AjNU
041 _aara
050 1 4 _aBP144.Z37 1982
100 3 _aالزركشي، بدر الدين محمد بن بهادر ، تحقيق عبد القادر عبد الله العاني ، مراجعة عبد الستار أبو غدة,
_eauthor
_943739
245 0 0 _aخبايا الزوايا
250 _aط1
264 3 1 _aالكويت: وزارة الأوقاف والشؤون الإسلامية، 1982
300 _a558ص
336 _atext
_btxt
_2rdacontent
337 _aunmediated
_bn
_2rdamedia
338 _avolume
_bnc
_2rdacarrier
490 0 _aاعمال موسوعية مساعدة تحقيق التراث الفقهي2
650 4 _aالفقه الاسلامي- مذاهب- الفقه الشافعي
_943740
999 _aA18825
_c22393
_d22393